000 00667nam a22002177a 4500
003 OSt
005 20140310181803.0
008 130704t xxu||||| |||| 00| 0 eng d
020 _a0028646665
050 _aGV 558
_b.Z94 1997
082 _aREF 613.71
_bEn1 1997
245 _aEncyclopedia of sports science /
_cJohn Zumerchik.
260 _aNew York :
_bMacmillan Library Reference,
_cc1997.
300 _av2, 943 p. ;
_bill, col. ;
_c28 cm.
520 _a1. Sports sciences-Encyclopedias. 2. Sports-Physiological aspects-Encyclopedias.
521 _aBasic Ed. Students
541 _g3360
_j1
541 _g3361
_j1
562 _e1
942 _2lcc
_cBK-GR
_kREF
999 _c3707
_d3707